logo

Bir Sreshtho Munshi Abdur Rouf Library
Jhenaidah Cadet College

Comparative economic systems / (Record no. 8624)

MARC details
000 -LEADER
fixed length control field 00717pam a2200265 a 4500
001 - CONTROL NUMBER
JCCL Control Number 8624
003 - CONTROL NUMBER IDENTIFIER
JCCL marc code BD-JhCC
005 - DATE AND TIME OF LATEST TRANSACTION
control field 20180228095344.0
008 - FIXED-LENGTH DATA ELEMENTS--GENERAL INFORMATION
fixed length control field 840525s1985 caua b 001 0 eng
020 ## - INTERNATIONAL STANDARD BOOK NUMBER
International Standard Book Number 0534013139
035 ## - SYSTEM CONTROL NUMBER
system control number (BD-JhCC)8624
040 ## - CATALOGING SOURCE
Original cataloging agency DLC
Transcribing agency DLC
Modifying agency DLC
-- BD-JhCC
041 ## - LANGUAGE CODE
Language code of Book eng
050 00 - LIBRARY OF CONGRESS CALL NUMBER
Classification number HB90
Item number .E55 1985
082 00 - DEWEY DECIMAL CLASSIFICATION NUMBER
Classification number 330
DDC Edition number 19
Author mark and Year ELL 1985
100 1# - MAIN ENTRY--PERSONAL NAME
Personal name Elliott, John E.
245 10 - TITLE STATEMENT
Title Comparative economic systems /
Statement of responsibility, etc John E. Elliott.
250 ## - EDITION STATEMENT
Edition statement 2nd ed.
260 ## - PUBLICATION, DISTRIBUTION, ETC. (IMPRINT)
Place of publication, distribution, etc Belmont, Calif. :
Name of publisher, distributor, etc Wadsworth Pub.,
Date of publication, distribution, etc c1985.
300 ## - PHYSICAL DESCRIPTION
Pagination xiv, 495 p. :
Other physical details ill. ;
Dimensions 25 cm.
504 ## - BIBLIOGRAPHY, ETC. NOTE
Bibliography, etc Includes bibliographies and index.
650 #0 - SUBJECT ADDED ENTRY--TOPICAL TERM
Topical term or geographic name as entry element Comparative economics.
942 ## - ADDED ENTRY ELEMENTS (KOHA)
Source of classification or shelving scheme Dewey Decimal Classification
Koha item type Books
Holdings
Source of classification or shelving scheme Damaged status Not for loan Home library Current library Shelving location Total Checkouts Full call number Barcode Date last seen Copy number Koha item type
Dewey Decimal Classification     JCC Rouf Library JCC Rouf Library General Stacks   330 ELL 1985 11391 02/28/2018 C - 1 Books

JCC Library | Contacts | JCC Home

Last Update on 23 September 2017
Copyright @ 2017-2020 JCC Rouf Library
Rouf Library, Jhenidah Cadet College (JCC), Bangladesh